000 00749nam a2200253Ia 4500
003 OSt
005 20220918174306.0
006 a|||||r|||| 00| 0
007 ta
008 220917b |||||||| |||| 00| 0 eng d
024 _a11,495
037 _cTextual
040 _aARTS
_cARTS
_beng
041 _2eng
_aeng
082 _aM950M1(A), K5;L7
100 _aBlaker Alfred A.
_949916
245 0 _aHandbook for scientific photography
260 _aSan
_bFrancisco W H Freeman
_c1977
300 _axxii,319p. illus
_ccm.
500 _aPreviously pub under the title photography for scientific publication
650 _aINDUSTRIAL ARTS
942 _hM950M1(A), K5;L7
_cTEXL
_2CC
999 _c152594
_d152594